000 00714nam a2200205 i 4500
001 134749
003 ES-MaACL
005 20240511063034.0
007 t|
008 070913s1979 sp ||||1| spa d
100 1 _aWeisgerber, Leo.
_9116387
245 1 0 _aDos enfoques del lenguaje
_b: lingüística y ciencia energética del lenguaje /
_cLeo Weisgerber ; versión de Isidoro Pisonero del Amo.
260 _aMadrid :
_bGredos,
_c[1979]
300 _a284 p. ;
_c19 cm.
490 0 _aBiblioteca románica hispánica. II. Estudios y ensayos ;
_v297
_9178108
700 1 _aPisonero del Amo, Isidoro.
_992379
852 _aES-MaACL
_jA-10676
_bR.99866
942 _2udc
999 _c134749
_d134749